000 00413nam a22001811a 4500
001 3903
003 OSt
005 20260204211907.0
008 050508s ||||xx ||||||b||||||||||spa||
050 _a900 H115n
082 _a900 H115n
245 _aHacia una nueva historia / Charles Parain
264 _aS. l. : S.N
300 _a159 p
650 _a1.Historia
700 _aParain, CharlesÌ
942 _2ddc
_cBK
999 _c3903
_d3903